000 00576nam a2200193 4500
001 127827
003 ES-MaACL
005 20230906193109.0
007 t|
008 070214s1910 sp r ||||1| spa d
100 1 _aRivas Moreno, Francisco.
_997583
245 1 0 _aPanaderías cooperativas /
_cRivas Moreno.
260 _aBarcelona :
_b[s. n.],
_c1910 (
_fImp. Cooperativa)
300 _a242 p. ;
_c19 x 12 cm.
490 1 _aBiblioteca de cooperación ;
_v6
830 0 _aBiblioteca de cooperación ;
_v6
_9219221
852 _aES-MaACL
_jF-10828
999 _c127827
_d127827